| 000 | 00556nam a2200181 i 4500 | ||
|---|---|---|---|
| 001 | 88268 | ||
| 003 | ES-MaACL | ||
| 005 | 20230906175829.0 | ||
| 007 | t| | ||
| 008 | 050103s1961 sp ||||1| spa d | ||
| 100 | 1 |
_aLaín Entralgo, Pedro, _d1908-2001 _969681 |
|
| 245 | 1 | 3 |
_aLa historia clínica _b: historia y teoría del relato patográfico / _cPedro Laín Entralgo. |
| 250 | _a[2ª ed.]. | ||
| 260 |
_aBarcelona, etc. : _bSalvat, _c[1961] |
||
| 300 |
_aXVI, 668 p. : _bil. ; _c26 cm. |
||
| 852 |
_aES-MaACL _jC-20528 _bR.48048 |
||
| 999 |
_c88268 _d88268 |
||